Pokémon - Les plus puissants par type (base stat) - Statistiques

Statistiques générales
  • Ce quiz a été pris 141 fois
  • Le résultat moyen est 40 sur 90
Statistiques - réponses
Eau Stat % Correct
Kyogre 670
93%
Groudon 670
86%
Arceus 720
83%
Kyurem 660
83%
Rayquaza 680
83%
Giratina 680
81%
Palkia 680
79%
Zekrom 680
79%
Reshiram 680
78%
Zacian Héros Aguerri 660
72%
Xerneas 680
71%
Zamazenta Héros Aguerri 660
71%
Ho-oh 680
69%
Ho-oh 680
69%
Yveltal 680
69%
Yveltal 680
69%
Zygarde (forme parfaite) 708
67%
Zygarde (forme parfaite) 708
67%
Éthernatos 690
66%
Primo-Kyogre 770
66%
Méga-Rayquaza 780
64%
Méga-Rayquaza 780
64%
Primo-Groudon 770
64%
Primo-Groudon 770
64%
Regigigas 670
62%
Méga-Mewtwo X 780
60%
Méga-Mewtwo X 780
60%
Méga-Mewtwo Y 780
60%
Lunala 680
59%
Monaflèmit 670
57%
Méga-Carchacrok 700
55%
Miraidon 670
53%
Genesect 600
52%
Koraidon 670
52%
Kyurem blanc 700
50%
Kyurem Blanc 700
50%
Kyurem noir 700
50%
Méga-Florizarre 625
50%
Méga-Florizarre 625
50%
Méga-Dracaufeu X 634
48%
Méga-Dracaufeu Y 634
48%
Méga-Drattak 700
48%
Méga-Drattak 700
48%
Méga-métalosse 700
47%
Méga-Métalosse 700
47%
Méga-Ectoplasma 600
43%
Méga-Tyranocif 700
43%
Méga-Tyranocif 700
43%
Méga-Jungko 630
41%
Celebi 600
40%
Méga-Cizayox 600
40%
Méga-Scarhino 600
38%
Sylveroy Cavalier d'Effroi 680
38%
Sylveroy Cavalier du Froid 680
38%
Shaymin (forme celeste) 600
36%
Méga-Braségali 630
34%
Méga-Diancie 700
34%
Méga-Diancie 700
34%
Méga-Latias 700
34%
Ultra-necrozma 754
33%
Ultra-necrozma 754
33%
Méga-Laggron 635
31%
Méga-Scarabrute 600
31%
Terapagos (forme téracristal) 600
31%
Tyranocif 600
29%
Méga-Léviator 640
28%
Méga-Pharamp 610
28%
Necrozma Ailes de l'Aurore 680
28%
Necrozma Crinière du Couchant 680
28%
Sachanobi 640
28%
Diancie 600
24%
Zeraora 600
24%
Péchaminus 600
21%
Cancrelove 570
19%
Méga-Gardevoir 618
19%
Hoopa Déchaîné 680
17%
Zarude 600
17%
Glaivodo 600
16%
Méga-Ptéra 615
16%
Ire-Foudre 590
14%
Dialga (forme originelle) 680
10%
Superdofin 650
10%
Palkia (forme originelle) 680
9%
Giratina (forme originelle) 680
7%
Zacian Épée Suprême 700
7%
Zacian Épée Suprême 700
7%
Zamazenta Bouclier Suprême 700
7%
Zamazenta Bouclier Suprême 700
7%
Terapagos (forme stellaire) 700
5%
Mite-de-Fer 570
3%
Aucun quiz correspondant
Distribution des résultats
% des personnes avec chaque résultat
Percentile par nombre de réponses
Votre historique - résultats
Vous n’avez pas pris ce quiz